| 000 | 01081nam a22002777a 4500 | ||
|---|---|---|---|
| 999 |
_c17362 _d17362 |
||
| 003 | AR-CdUCM | ||
| 008 | 190508b ||||| |||| 00| 0 spa d | ||
| 040 |
_aMUNICIPALIDAD PROVINCIAL DEL CUSCO _cBIBLIOTECA MUNICIPAL DEL CUSCO |
||
| 082 |
_a615 / _bB44 |
||
| 100 |
_aBéquart, P _937331 |
||
| 245 | _aPsicoterapia y materialismo dialéctico / | ||
| 260 |
_aBuenos Aires : _bNuestro tiempo, _c1965. |
||
| 300 |
_a369 paginas ; _c20 cm. |
||
| 500 | _aTitulo original : 27 opinions sur la psychothérapie | ||
| 505 | _aContenido : Problemas de la psicoterapia -- El personaje del psiquiatra o el arte de la simpatía -- Reflexiones diversas acerca de la psicoterapia -- Psicoterapia y materialismo dialecto... | ||
| 650 |
_aPsicoterapia _93460 |
||
| 650 |
_aPsicoanalisis _917124 |
||
| 650 |
_aEntrevista _97463 |
||
| 650 |
_aAnálisis del comportamiento _937332 |
||
| 700 |
_aAlazraqui, Lidia (Traducción) _937333 |
||
| 700 |
_aMuldwarf, B. _937334 |
||
| 700 |
_aBonnafé L. _937335 |
||
| 700 |
_aLafitte V. _937336 |
||
| 942 |
_2ddc _cLIBROS |
||
| 945 |
_awnts _d2019-05-08 |
||